| 000 | 00625nam a2200241 a 4500 | ||
|---|---|---|---|
| 999 |
_c3789 _d3789 |
||
| 001 | 3789 | ||
| 003 | BD-JhCC | ||
| 005 | 20200412134008.0 | ||
| 008 | 171118s2008 bg |||| ||a| 000 0 ben d | ||
| 020 | _a9847011400500 | ||
| 035 | _a(BD-JhCC)3789 | ||
| 040 |
_aBD-JhCC _dBD-JhCC |
||
| 041 | _aben | ||
| 082 |
_a891.443 _bHOQ 2008 |
||
| 100 | _aHoque, Anisul | ||
| 245 |
_aThe Trap / _cAnisul Hoque; Inam Ahmed (Tra.) |
||
| 260 |
_aঢাকা : _bসময় প্রকাশন, _c2008 |
||
| 300 |
_a94 p. : _c20 cm. |
||
| 650 | _aBengali Novel | ||
| 700 | _aAhmed; Inam | ||
| 942 |
_2ddc _cBK _02 |
||